Countries of Asia by Size - Statistics

General Stats
  • This quiz has been taken 27 times
  • The average score is 18 of 48
Answer Stats
Percentage % Country % Correct
21.5% China
100%
7.4% India
100%
29.3% Russia
100%
5.8% Kazakhstan
95%
4.8% Saudi Arabia
90%
3.5% Mongolia
81%
3.7% Iran
76%
2% Pakistan
71%
3.3% Indonesia
67%
1.7% Turkey
52%
1.5% Afghanistan
48%
1% Iraq
48%
1.5% Myanmar
48%
1.2% Thailand
43%
1.1% Turkmenistan
43%
1% Uzbekistan
43%
0.7% Malaysia
38%
0.7% Vietnam
38%
1.2% Yemen
38%
0.8% Japan
33%
0.7% Oman
33%
0.7% Philippines
33%
0.01% Brunei
29%
0.4% Kyrgyzstan
29%
0.5% Laos
29%
0.002% Bahrain
24%
0.3% Bangladesh
24%
0.1% Bhutan
24%
0.4% Cambodia
24%
0.03% East Timor
24%
0.001% Maldives
24%
0.3% Nepal
24%
0.1% Armenia
19%
0.2% Azerbaijan
19%
0.05% Israel
19%
0.02% Lebanon
19%
0.3% North Korea
19%
0.002% Singapore
19%
0.1% Taiwan
19%
0.3% Tajikistan
19%
0.02% Cyprus
14%
0.2% Georgia
14%
0.2% Jordan
14%
0.04% Kuwait
14%
0.2% South Korea
14%
0.1% Sri Lanka
14%
0.4% Syria
14%
0.2% United Arab Emirates
14%
No matching quizzes found
Score Distribution
Percent of People with Each Score
Percentile by Number Answered
Your Score History
You have not taken this quiz